Betriebsorganisation Methoden und Techniken

Saved in:
Bibliographic Details
Main Author: Blum, Egon
Format: Book
Language:German
Published: Wiesbaden Gabler 1991
Edition:3. erw. Aufl.
Subjects:
Tags: Add Tag
No Tags, Be the first to tag this record!

MARC

LEADER 00000nam a2200000 4500
001 c000183
005 20221214102002.6
020 |a 3-409-31893-3 
041 0 |a ger 
044 |a DE 
245 1 0 |a Betriebsorganisation  |b Methoden und Techniken  |c Egon Blum 
250 |a 3. erw. Aufl. 
264 1 |a Wiesbaden  |b Gabler  |c 1991 
300 |a 318 s. 
610 2 0 |a organizácia podniku 
610 2 0 |a metódy riadenia 
610 2 0 |a kontrola vnútorná 
610 2 0 |a riadenie podnikové 
100 1 |a Blum, Egon